[Event "Zhongshan zt (Women)"]
[Site "Zhongshan"]
[Date "2013.11.08"]
[Round "11"]
[White "Su, Yamin"]
[Black "Ren, Xiaoyi"]
[Result "1-0"]
[WhiteElo "2209"]
[BlackElo "2198"]
[PlyCount "101"]
[EventDate "2013.10.29"]
[EventType "swiss"]
[EventRounds "11"]
[EventCountry "CHN"]
[SourceTitle "EXT 2014"]
[Source "ChessBase"]
[SourceDate "2013.11.20"]
[SourceVersion "1"]
[SourceVersionDate "2013.11.20"]
[SourceQuality "1"]

1. e4 e5 2. Nf3 Nc6 3. Bb5 a6 4. Ba4 Nf6 5. 0-0 b5 6. Bb3 Be7 7. d3 d6 8. c3 0-0 9. Re1 Na5 10. Bc2 c5 11. Nbd2 Ne8 12. d4 cxd4 13. cxd4 Qc7 14. h3 Bd7 15. Nf1 Rc8 16. Ne3 Nf6 17. b3 Nc6 18. Bb2 Nb4 19. Bb1 Rfd8 20. a3 exd4 21. Nxd4 Nc6 22. Ndf5 Bxf5 23. Nxf5 Ne5 24. f4 Ng6 25. Qf3 d5 26. e5 Bc5+ 27. Kh1 Ne4 28. Bxe4 dxe4 29. Qxe4 Rd2 30. Bd4 Bxd4 31. Nxd4 Qb6 32. Nf3 Rb2 33. f5 Qf2 34. Rg1 Nf8 35. e6 fxe6 36. fxe6 Qe2 37. Rae1 Qxe4 38. Rxe4 Ng6 39. Nd4 Ne7 40. Rf1 Ra2 41. Rf7 Re8 42. Rg4 Ng6 43. Ra7 Rxa3 44. h4 b4 45. h5 Ne7 46. Nc6 Nf5 47. Rg5 Ra1+ 48. Kh2 Rc1 49. Nxb4 a5 50. Nd5 Rf1 51. Nf6+ 1-0

[Event "Zhongshan zt (Women)"]
[Site "Zhongshan"]
[Date "2013.11.06"]
[Round "9"]
[White "Su, Yamin"]
[Black "Wang, Xinyue"]
[Result "1-0"]
[WhiteElo "2209"]
[BlackElo "2126"]
[PlyCount "57"]
[EventDate "2013.10.29"]
[EventType "swiss"]
[EventRounds "11"]
[EventCountry "CHN"]
[SourceTitle "EXT 2014"]
[Source "ChessBase"]
[SourceDate "2013.11.20"]
[SourceVersion "1"]
[SourceVersionDate "2013.11.20"]
[SourceQuality "1"]

1. e4 e5 2. Nf3 Nc6 3. Bb5 Nge7 4. 0-0 g6 5. c3 a6 6. Ba4 Bg7 7. d4 exd4 8. cxd4 b5 9. Bb3 d6 10. h3 0-0 11. Nc3 Na5 12. Bc2 c5 13. d5 h6 14. Re1 Nc4 15. Bd3 Nb6 16. Ne2 f5 17. Nf4 g5 18. Nh5 Bh8 19. exf5 Nxf5 20. Nh2 Bd4 21. Ng4 Kh8 22. Bd2 Ng7 23. Nxh6 Rxf2 24. Be3 Bxe3 25. Rxe3 Qf8 26. Nxg7 Kxg7 27. Qh5 Qf6 28. Re7+ Qxe7 29. Qg6+ 1-0

[Event "Zhongshan zt (Women)"]
[Site "Zhongshan"]
[Date "2013.11.05"]
[Round "8"]
[White "Tan, Zhongyi"]
[Black "Su, Yamin"]
[Result "1-0"]
[WhiteElo "2490"]
[BlackElo "2209"]
[PlyCount "101"]
[EventDate "2013.10.29"]
[EventType "swiss"]
[EventRounds "11"]
[EventCountry "CHN"]
[SourceTitle "EXT 2014"]
[Source "ChessBase"]
[SourceDate "2013.11.20"]
[SourceVersion "1"]
[SourceVersionDate "2013.11.20"]
[SourceQuality "1"]

1. d4 Nf6 2. Nf3 e6 3. c4 c5 4. g3 b6 5. Bg2 Bb7 6. 0-0 Be7 7. d5 exd5 8. Nh4 0-0 9. cxd5 d6 10. Nf5 b5 11. e4 Qd7 12. b4 Na6 13. Bb2 Nxb4 14. Qd2 Ne8 15. Bh3 Qd8 16. Nc3 Bf6 17. a3 Na6 18. Nxb5 Bc8 19. Rab1 Nac7 20. Bxf6 Qxf6 21. Qa5 Nxd5 22. Bg2 Nb6 23. Ne3 Qe7 24. e5 d5 25. Nxd5 Nxd5 26. Bxd5 Bb7 27. Bxb7 Qxb7 28. Rfe1 Qc6 29. a4 g6 30. Rbc1 Qb6 31. Qc3 Rc8 32. Qc4 a6 33. Nc3 Ng7 34. Ne4 Ne8 35. Nxc5 Ng7 36. Qxa6 Qb2 37. Rb1 Qd2 38. Ne4 Qd4 39. Rbd1 Qb4 40. Qb5 Qa3 41. Re3 Qa2 42. Nf6+ Kh8 43. g4 Rfd8 44. Rxd8+ Rxd8 45. Rh3 h5 46. gxh5 g5 47. Rd3 Rc8 48. Qd7 Qc4 49. Rd4 Qc1+ 50. Rd1 Qc2 51. Qd3 1-0

[Event "Singapore Masters 3rd"]
[Site "Singapore"]
[Date "2006.12.28"]
[Round "6"]
[White "Su, Yamin"]
[Black "Chiong Zacarias, Romero Luis"]
[Result "0-1"]
[WhiteElo "2214"]
[BlackElo "2364"]
[PlyCount "84"]
[EventDate "2006.12.26"]
[EventType "swiss"]
[EventRounds "9"]
[EventCountry "SIN"]
[SourceTitle "CBM 116 Extra"]
[Source "ChessBase"]
[SourceDate "2007.03.07"]
[SourceVersion "1"]
[SourceVersionDate "2007.03.07"]
[SourceQuality "1"]

1. e4 c5 2. Nf3 d6 3. d4 cxd4 4. Nxd4 Nf6 5. Nc3 a6 6. g3 e6 7. Bg2 Be7 8. 0-0 0-0 9. Be3 Qc7 10. h3 Nc6 11. a4 Rb8 12. f4 Re8 13. Kh2 Nd7 14. f5 Nde5 15. Qh5 Bd7 16. Rf2 g6 17. fxg6 fxg6 18. Qh6 Rf8 19. Raf1 Rxf2 20. Rxf2 Rf8 21. Rxf8+ Bxf8 22. Qg5 Be7 23. Qf4 Nf7 24. Nxc6 Bxc6 25. Qg4 Bd7 26. h4 Ne5 27. Qf4 b5 28. axb5 axb5 29. Bd4 b4 30. Nd1 Qxc2 31. Nf2 Nf7 32. Bf6 Bf8 33. h5 e5 34. Qf3 Qxb2 35. hxg6 hxg6 36. Bh3 Bxh3 37. Kxh3 Bg7 38. Ng4 Qc3 39. Qf1 Bf8 40. Bh4 Qc8 41. Qf6 Nh6 42. Qxg6+ Bg7 0-1

[Event "Singapore Masters 3rd"]
[Site "Singapore"]
[Date "2006.12.27"]
[Round "4"]
[White "Su, Yamin"]
[Black "Duong, The Anh"]
[Result "1/2-1/2"]
[WhiteElo "2214"]
[BlackElo "2393"]
[PlyCount "64"]
[EventDate "2006.12.26"]
[EventType "swiss"]
[EventRounds "9"]
[EventCountry "SIN"]
[SourceTitle "CBM 116 Extra"]
[Source "ChessBase"]
[SourceDate "2007.03.07"]
[SourceVersion "1"]
[SourceVersionDate "2007.03.07"]
[SourceQuality "1"]

1. e4 c5 2. Nf3 d6 3. d4 cxd4 4. Nxd4 Nf6 5. Nc3 a6 6. g3 e5 7. Nde2 Be7 8. a4 b6 9. Bg2 Bb7 10. 0-0 Nbd7 11. Nd5 Nxd5 12. exd5 0-0 13. g4 Re8 14. Ng3 Nf8 15. Nf5 Ng6 16. Be3 Bc8 17. Kh1 h6 18. Be4 Bg5 19. Qf3 Nh4 20. Qh3 Ng6 21. Bxg5 hxg5 22. Ra3 Bxf5 23. Bxf5 Nf8 24. Be4 Rc8 25. Qh5 g6 26. Qh6 Rc4 27. Rh3 Qf6 28. Re1 Rxa4 29. Rg3 Qe7 30. Rh3 Qf6 31. Rf3 Qe7 32. Rh3 Qf6 1/2-1/2